[Event "Salekhard-ch"]
[Site "Salekhard"]
[Date "2015.01.29"]
[Round "3"]
[White "Shulgin, Viacheslav"]
[Black "Trapeznikov, Mikhail"]
[Result "1-0"]
[WhiteElo "1781"]
[BlackElo "1599"]
[PlyCount "57"]
[EventDate "2015.01.23"]
[EventType "swiss"]
[EventRounds "9"]
[EventCountry "RUS"]
[SourceTitle "CBM 164 Extra"]
[Source "ChessBase"]
[SourceDate "2015.03.02"]
[SourceVersion "1"]
[SourceVersionDate "2015.03.02"]
[SourceQuality "1"]

1. e4 c6 2. Nf3 d5 3. exd5 cxd5 4. d4 Nf6 5. Nc3 Bf5 6. Bb5+ Nc6 7. 0-0 e6 8. Ne5 Qc7 9. Bf4 Bd6 10. Re1 0-0 11. Bxc6 bxc6 12. Re3 Bxe5 13. Bxe5 Qe7 14. Rg3 Rac8 15. Qd2 Kh8 16. Qg5 Rg8 17. Re1 Bxc2 18. Ree3 a6 19. Ref3 Bf5 20. Rxf5 exf5 21. Rh3 c5 22. Nxd5 Qe6 23. Nxf6 gxf6 24. Bxf6+ Qxf6 25. Qxf6+ Rg7 26. Qxf5 Re8 27. Re3 Rd8 28. Qxc5 Rb8 29. h3 1-0

[Event "Salekhard Rating"]
[Site "Salekhard"]
[Date "2009.05.20"]
[Round "?"]
[White "Rechapov, Nikolay"]
[Black "Shulgin, Viacheslav"]
[Result "1-0"]
[WhiteElo "1976"]
[BlackElo "1847"]
[PlyCount "73"]
[EventDate "2009.05.20"]
[EventType "tourn"]
[EventRounds "11"]
[EventCountry "RUS"]
[SourceTitle "EXT 2022"]
[Source "ChessBase"]
[SourceDate "2021.10.06"]
[SourceVersion "1"]
[SourceVersionDate "2021.10.06"]
[SourceQuality "1"]

1. e4 e6 2. d4 d5 3. Nc3 Nf6 4. Bg5 Be7 5. e5 Nfd7 6. h4 Bxg5 7. hxg5 Qxg5 8. Nh3 Qe7 9. Bd3 Nc6 10. Nb5 Nb6 11. Qg4 g6 12. Ng5 h5 13. Qf4 Nb4 14. 0-0 Nxd3 15. cxd3 a6 16. Nc3 h4 17. a4 Rh5 18. Nh3 g5 19. Qg4 Rh6 20. a5 Nd7 21. b4 Rg6 22. b5 Qb4 23. Rfc1 Nxe5 24. Qe2 Nd7 25. Nxd5 Qxd4 26. Nxc7+ Kd8 27. Nxa8 g4 28. Nf4 Qxf4 29. Rc4 Qf6 30. Rac1 g3 31. Rxc8+ Ke7 32. Nc7 Qg5 33. f4 Qf5 34. Qe4 Qh5 35. Re8+ Kf6 36. Qd4+ e5 37. fxe5+ 1-0

[Event "Salekhard Rating"]
[Site "Salekhard"]
[Date "2009.05.20"]
[Round "?"]
[White "Shulgin, Viacheslav"]
[Black "Khakhanov, Vladimir"]
[Result "1/2-1/2"]
[WhiteElo "1847"]
[BlackElo "2034"]
[PlyCount "71"]
[EventDate "2009.05.20"]
[EventType "tourn"]
[EventRounds "11"]
[EventCountry "RUS"]
[SourceTitle "EXT 2022"]
[Source "ChessBase"]
[SourceDate "2021.10.06"]
[SourceVersion "1"]
[SourceVersionDate "2021.10.06"]
[SourceQuality "1"]

1. e4 e5 2. Nf3 Nc6 3. d4 exd4 4. Nxd4 Bc5 5. Be3 Qf6 6. c3 Nge7 7. Bb5 0-0 8. 0-0 Bb6 9. Na3 a6 10. Ba4 d6 11. Nxc6 bxc6 12. Bxb6 cxb6 13. Bc2 b5 14. Nb1 Ng6 15. Nd2 Nf4 16. Re1 Qg5 17. g3 Nh3+ 18. Kg2 Qh6 19. f4 f5 20. e5 dxe5 21. Rxe5 Bb7 22. Re7 Rab8 23. Nf3 c5 24. Rxb7 Rxb7 25. Qd5+ Rff7 26. Ne5 Nxf4+ 27. gxf4 Qxf4 28. Nxf7 Rxf7 29. Rf1 Qg5+ 30. Kh1 g6 31. Bxf5 Kg7 32. Qe5+ Kh6 33. Qxc5 Rxf5 34. Rxf5 gxf5 35. Qf8+ Kh5 36. Qe8+ 1/2-1/2

[Event "Salekhard op"]
[Site "Salekhard"]
[Date "2008.12.07"]
[Round "9"]
[White "Shulgin, Viacheslav"]
[Black "Gudzovaty, Yuri"]
[Result "0-1"]
[WhiteElo "1820"]
[BlackElo "1846"]
[PlyCount "92"]
[EventDate "2008.11.29"]
[EventType "swiss"]
[EventRounds "9"]
[EventCountry "RUS"]
[SourceTitle "CBM 127 Extra"]
[Source "ChessBase"]
[SourceDate "2009.01.08"]
[SourceVersion "2"]
[SourceVersionDate "2009.01.28"]
[SourceQuality "1"]

1. e4 c6 2. d4 d5 3. Nc3 dxe4 4. Nxe4 Bf5 5. Ng3 Bg6 6. Nf3 Nd7 7. c3 Ngf6 8. Bc4 e6 9. Bg5 Bd6 10. 0-0 h6 11. Bh4 b5 12. Bb3 Qc7 13. Re1 0-0 14. Bxf6 Nxf6 15. Bc2 Bxc2 16. Qxc2 c5 17. dxc5 Bxc5 18. Ne4 Nxe4 19. Qxe4 Rad8 20. Rad1 Qb6 21. Qe2 a6 22. Ne5 Qc7 23. Nf3 Be7 24. Rxd8 Rxd8 25. Rd1 Bf6 26. Rd2 Kf8 27. h3 Rxd2 28. Qxd2 Qd8 29. Qxd8+ Bxd8 30. Ne5 Ke8 31. Kf1 Bc7 32. Nd3 Bd6 33. Ke2 f5 34. Ke3 e5 35. f3 Ke7 36. g4 g6 37. Ne1 Bc5+ 38. Kd3 Kf6 39. Ng2 h5 40. gxh5 gxh5 41. h4 Ke6 42. b3 Be7 43. c4 b4 44. Ke3 Bc5+ 45. Kd3 a5 46. Ke2 f4 0-1

[Event "Salekhard op"]
[Site "Salekhard"]
[Date "2008.11.30"]
[Round "2"]
[White "Savitskiy, Sergey"]
[Black "Shulgin, Viacheslav"]
[Result "1-0"]
[WhiteElo "2143"]
[BlackElo "1820"]
[PlyCount "49"]
[EventDate "2008.11.29"]
[EventType "swiss"]
[EventRounds "9"]
[EventCountry "RUS"]
[SourceTitle "CBM 127 Extra"]
[Source "ChessBase"]
[SourceDate "2009.01.08"]
[SourceVersion "2"]
[SourceVersionDate "2009.01.28"]
[SourceQuality "1"]

1. e4 e6 2. Nc3 Nf6 3. e5 Ng8 4. d4 d5 5. f4 c5 6. Nf3 Nc6 7. Be3 c4 8. Be2 Nge7 9. 0-0 Nf5 10. Bf2 Bb4 11. g4 Nh6 12. h3 Be7 13. Be3 f5 14. exf6 Bxf6 15. f5 Nf7 16. fxe6 Bxe6 17. Bxc4 Qd6 18. Kg2 h5 19. g5 h4 20. gxf6 dxc4 21. Ne4 Qd5 22. fxg7 Qxe4 23. gxh8Q+ Nxh8 24. Bg5 Bd5 25. Re1 1-0

[Event "Salekhard Rating"]
[Site "Salekhard"]
[Date "2008.04.01"]
[Round "7"]
[White "Sharypov, Oleg"]
[Black "Shulgin, Viacheslav"]
[Result "0-1"]
[WhiteElo "1665"]
[BlackElo "1831"]
[PlyCount "58"]
[EventDate "2008.03.29"]
[EventType "tourn"]
[EventRounds "9"]
[EventCountry "RUS"]
[SourceTitle "EXT 2022"]
[Source "ChessBase"]
[SourceDate "2021.10.06"]
[SourceVersion "1"]
[SourceVersionDate "2021.10.06"]
[SourceQuality "1"]

1. c4 Nf6 2. Nc3 g6 3. Nf3 Bg7 4. g3 0-0 5. Bg2 c6 6. 0-0 d5 7. cxd5 Nxd5 8. Qc2 Nd7 9. Nxd5 cxd5 10. d4 Nb6 11. Bf4 Bf5 12. Qc7 Qxc7 13. Bxc7 Rfc8 14. Rac1 Nc4 15. Be5 Nxb2 16. Bxg7 Kxg7 17. Nh4 Bg4 18. Bxd5 Bxe2 19. Bxb7 Bxf1 20. Rxc8 Rxc8 21. Bxc8 Bc4 22. Nf3 Bxa2 23. Ne5 Nc4 24. Nxc4 Bxc4 25. f4 Kf8 26. Kf2 Ke8 27. Ke3 Kd8 28. Bg4 Kc7 29. Ke4 f5+ 0-1